000 00252nam a22001217a 4500
082 _a891.43930
100 _aMUMTAZ MUFTI
245 _aLABBAIK
260 _aLahore,
_bHazina Ilm o Adab
_c2000.
300 _a312p. :
500 _aHardcover.
942 _cBK
999 _c32551
_d32551